|
|
|
|
| LEADER |
00000cam a2200000 i 4500 |
| 003 |
Ucuenca |
| 005 |
20231017080150.0 |
| 006 |
a|||||r|||| 001 pd |
| 007 |
ta |
| 008 |
002030|2000 ec ||||gr|||||||1|pdspa|a |
| 600 |
1 |
7 |
|a Carrera Andrade, Jorge.
|d 1903-1978
|9 219054
|
| 999 |
|
|
|c 15269
|d 15269
|
| 020 |
|
|
|a 9978-41-231-X
|
| 040 |
|
|
|b spa
|a UCuenca-cdrjbv
|c UCuenca
|e rda
|
| 041 |
|
|
|a spa
|h spa
|
| 082 |
0 |
|
|a E861.4
|2 21
|c 69488
|
| 100 |
1 |
|
|a Carrera Andrade, Jorge.
|d 1903-1978
|e autor
|9 219054
|
| 245 |
|
|
|a Obra poética /
|c Jorge Carrera Andrade.
|
| 264 |
|
|
|a Quito:
|c 2000,
|c @2000
|
| 300 |
|
|
|a 619 páginas:
|c 21 cm
|
| 336 |
|
|
|2 rdacontent
|a texto
|b txt
|
| 337 |
|
|
|2 rdamedia
|a no mediado
|b n
|
| 338 |
|
|
|2 rdacarrier
|a volumen
|b nc
|
| 505 |
1 |
|
|a Prólogo -- Primeros poemas -- Estanque inefable -- El ciudadano de las gafas azules -- Microgramas -- La Guirnalda del silencio.
|
| 650 |
1 |
7 |
|a Poesía ecuatoriana
|9 618
|
| 852 |
|
|
|a UC-CDJBV
|
| 942 |
|
|
|c BK
|2 ddc
|0 1
|r teodoro.astudillo@ucuenca.edu.ec
|